000 00718nam a2200229 a 4500
001 ASIN8189757148
003 OSt
005 20150408114142.0
008 131001s2007 xxu eng d
020 _a8189757148 (paperback)
_c$23.58
020 _a9788189757144 (paperback)
040 _aMa-Un
082 _222
_a511.35
100 1 _aPandey, Adesh K.
_937473
245 1 3 _aAn introduction to automata theory & formal languages /
_cAdesh K. Pandey.
260 _aNew Delhi :
_bS.K Kataria & Sons (Distributed by: Heritage Impex Worldwide),
_c2007.
300 _a350 p. ;
_c24 cm.
650 _aMachine theory
650 _aFormal languages
_98890
650 _aComputational complexity
942 _2ddc
_cBOOK
999 _c31079
_d265579